01334nam a2200301Ia 4500001001200000003000800012006001900020007001500039008004100054020001800095020001800113040002100131035002100152050002400173245018800197260011000385300003600495504004100531504002800572533015200600650004500752650002600797655002900823700002200852700001500874710001700889856012600906ebr10505630CaPaEBRm u cr cn|||||||||111107s2003 ne af sb 000 0 dut d z9789062991945 z9789062997916 aCaPaEBRcCaPaEBR a(OCoLC)76316111214aRF46.5b.U84 2003eb00aUw gehoor is uitstekend! Wat zegt u dokter?h[electronic resource] :bover onverklaarde en verklaarde klachten in de KNO-heelkunde /conder redactie van B. E. Glazenburg en M. S. Vos. aHague, Netherlands :bKugler ;aGilsum, NH :bPathway Book Service[distributor for US and Canada],c2003. axvi, 187 p. col. plates :bill. aIncludes bibliographical references. aIncludes web resources. aElectronic reproduction.bPalo Alto, Calif. :cebrary,d2011.nAvailable via World Wide Web.nAccess may be limited to ebrary affiliated libraries. 0aOtolaryngologyvHandbooks, manuals, etc. 0aPatient satisfaction. 7aElectronic books.2local1 aGlazenburg, B. E.1 aVos, M. S.2 aebrary, Inc.40uhttp://site.ebrary.com/lib/rucke/Doc?id=10505630zAn electronic book accessible through the World Wide Web; click to view